00544cam a2200169 a 4500020001500000082001200015100002400027245003400051250001200085260004000097300006700137500008600204500002000290650001800310650002600328700002000354 a069716054800a576 TAL1 aTalaro, Kathleen P.10aFoundations in microbiology / a2nd ed. aDubuque, IA :bWm.C. Brown,cc1996. axxvi, 861, [48] p. :bill. (some col.) ;e1 computer diskette. aSystem requirements: IBM PC or compatible computers, 486/25 MHz SX or better CPU. aIncludes index. 0aMicrobiology. 0aMedical microbiology.1 aTalaro, Arthur.